00641nam a2200193 i 4500001000700000003000900007005001700016007000300033008004100036020001800077100002800095245015400123260003100277300003400308504002900342700002400371700001900395852003300414101613ES-MaACL20230906182937.0t|051021s1983 fr ||||1| fre d a2-7116-8246-31 aMeinsma, Koenraad Oege.10aSpinoza et son cercle b: étude critique historique sur les hétérodoxes hollandais / cK. O. Meinsma; traduit par S. Roosemburg et J. P. Osier. aParis : bJ. Vrin, c1983. a5 h., 576 p., 3 h. ; c25 cm. aBibliografía. Indices.1 aOsier, Jean Pierre.1 aRoosemburg, S. aES-MaACLjL-11855 bR.113829